Storia d'Italia #9. XIX sec. - Statistics

Statistiche generali
  • Questo quiz è stato fatto 222 volte
  • Il punteggio medio è 17 su 20
Statistiche sulle risposte
Domanda Risposta % Corretto
Tra i massimi rappresentanti della letteratura italiana di ogni tempo, autore del romanzo I promessi sposi e ritenuto uno dei padri della lingua italiana Alessandro Manzoni
100%
L'Ottocento si apre all'insegna di questo condottiero e imperatore francese, che fu anche incoronato Re d'Italia Napoleone Bonaparte
98%
Poeta marchigiano autore delle Operette morali e di poesia memorabili come L'infinito o Il sabato del villaggio Giacomo Leopardi
97%
Condottiero, capo delle camicie rosse e detto Eroe dei due mondi, forse il più famoso tra i protagonisti del processo di unificazione dell'Italia Giuseppe Garibaldi
96%
Città la cui liberazione, il 20 settembre del 1870, segna generalmente la conclusione delle lotte per l'unificazione nazionale, e che dal 1871 divenne la capitale del Regno d'Italia Roma
95%
Il 17 marzo di quest'anno, a Torino viene proclamata la nascita del Regno d'Italia 1861
94%
Città che fu capitale d'Italia tra il 1865 e il 1871 Firenze
93%
Capace primo ministro piemontese, tra le guide dell'unificazione, e poi primo presidente del consiglio del neonato stato italiano Camillo Benso di Cavour
90%
Giovane patriota genovese, morto nella difesa della Repubblica Romana e autore del Canto degli Italiani, testo dell'attuale inno nazionale italiano Goffredo Mameli
90%
Sovrano che guidò il processi di unificazione nazionale e divenne il primo Re d'Italia Vittorio Emanuele II di Savoia
89%
Nel 1882 l'Italia iniziò la colonizzazione di questo paese, primo possedimento italiano in Africa Eritrea
86%
La più famosa delle azioni del patriota della domanda precedente, che nel 1860 portò alla liberazione della Sicilia e dell'Italia meridionale Impresa dei Mille
84%
Prima costituzione italiana, emanata da Carlo Alberto di Savoia nel 1848 per il Regno di Sardegna e rimasta in vigore per un secolo Statuto Albertino
83%
Nel 1889 viene inaugurato questo grandioso edificio, simbolo di Torino e allora più alta costruzione in muratura al mondo Mole Antonelliana
79%
Nel 1889 inizia l'acquisizione da parte italiana della seconda colonia in Africa, corrispondente a buona parte di questo paese Somalia
78%
Il secolo XIX si chiude, nel 1900, con l'uccisione a Monza di questo Re d'Italia Umberto I di Savoia
78%
Così è detto il movimento politico e culturale che riscosse l'Italia e portò all'unificazione nazionale Risorgimento
77%
Patto difensivo che l'Italia strinse nel 1882 con l'Impero tedesco e l'Impero austroungarico, rimasto attivo fino alla prima guerra mondiale Triplice Alleanza
63%
Città che nel 1849 insorse per dieci giorni contro il dominio austriaco, meritandosi l'appellativo di Leonessa d'Italia Brescia
55%
In questo modo furono chiamate le città non liberate dal dominio austriaco durante le guerre d'indipendenza, come Trento e Trieste Irredente
31%
Nessun quiz corrispondente trovato
Distribuzione punteggi
Percentuale di utenti per punteggio
Percentile per numero di risposta
I tuoi punteggi nel tempo
Non hai fatto questo quiz